000 00666nam a2200241Ia 4500
001 3263
003 GE_BSU
008 181216s||||||||xx |||||||||||||| ||und||
020 _a5060006956
040 _cGE_BSU
080 _a531.8(075.8)
100 _aНикитин,H.H.
245 _aКурс теоретический механики.
245 _bУчеб.
245 _cРед. Н.М. Щепина.
250 _a5-е изд.,перераб. и доп.
260 _aМ.
260 _bВысш. шк.
260 _c1990.
300 _a607 стр. 22 см. силл.
653 _aКурс теоретический механики.
942 _cBK
999 _c37304
_d37304